000 00584nam a2200229 i 4500
001 C2-0216286
003 PPAK
005 20180728104939.0
008 990517s1964 si |||| ||||| | may d
040 _aPPAK
_beng
_cPPAK
_erda
082 0 4 _a899.23
_2 23
090 0 0 _a899.23
_bASM
_dKSA
100 0 _aAsmah Haji Omar,
_eauthor
245 1 0 _aWanita
264 1 _aSingapura :
_bMalaysia Publishing ,
_c1964
300 _a147 pages
336 _2rdacontent
_atext
337 _2rdamedia
_aunmediated
338 _2rdacarrier
_avolume
650 1 0 _aMalay Fiction
942 _ddc
_cB
999 _c159941
_d159941